Tk̄aidō enbonkō /

Saved in:
Bibliographic Details
Main Author: Hayashi, Yoshikazu, 1922-1999.
Format: Book
Language:Japanese
Published: Tōkȳo : Yūkō shobō, Sh̄owa 37 [1962]
Subjects:
Tags: Add Tag
No Tags, Be the first to tag this record!
LEADER 00887nam a2200253 a 4500
001 007742620-7
005 20110202223735.0
008 940613s1962 ja af b 000 0 jpn d
035 0 |a ocm30766262 
040 |a UPB  |c UPB  |d *YNH*  |d CStRLIN 
043 |a a-ja--- 
050 1 4 |a PL756.6.S5  |b .H33x 1962 
100 1 |6 880-01  |a Hayashi, Yoshikazu,  |d 1922-1999. 
245 1 0 |6 880-02  |a Tk̄aidō enbonkō /  |c Hayashi Yoshikazu cho. 
260 |6 880-03  |a Tōkȳo :  |b Yūkō shobō,  |c Sh̄owa 37 [1962] 
300 |a 508 p., [17] p. of plates :  |b ill. ;  |c 14 x 19 cm. 
504 |a Includes bibliographical references. 
650 0 |a Erotic literature, Japanese  |x History and criticism. 
650 0 |a Sex in literature. 
880 1 |6 100-01  |a 林美一. 
880 1 0 |6 245-02  |a 東海道艶本考 /  |c 林美一著. 
880 |6 260-03  |a 東京 :  |b 有光書房,  |c 昭和 37 [1962] 
988 |a 20021217 
906 |0 OCLC